000
00319nam a2200121Ia 4500
008
220217s9999||||xx |||||||||||||| ||und||
082
_a
894.814 1 RAM
100
_a
Rama, Swamy
245
0
_a
Himalayada mahathmara sannidhiyalli
260
_a
Kamadhenu
_b
Bangalore
_c
2000
300
_b
200
650
_a
GENERAL BOOKS
999
_c
172408
_d
172408